000
00295nam a22001337a 4500
008
170223b xxu||||| |||| 00| 0 eng d
020
_a
0070234914
041
_a
eng
080
_a
617
100
_a
5
101
_a
SHK
245
_a
ATLAS OF SURGICAL TECHNIQUES
_c
GLIEDMAN.M.L
942
_2
udc
_c
BK
999
_c
6125
_d
6125